La familia de Na-Bolom (Record no. 10334)

MARC details
000 -CABECERA
campo de control de longitud fija 01100nam a2200301 a 4500
001 - NÚMERO DE CONTROL
campo de control BRL_1525
005 - FECHA Y HORA DE LA ÚLTIMA TRANSACCIÓN
campo de control 20190320211240.0
008 - DATOS DE LONGITUD FIJA--INFORMACIÓN GENERAL
campo de control de longitud fija 170214s1979----mx-ao#####---#000-0#spa-#
041 ## - CÓDIGO DE LENGUA
Código de lengua del texto/banda sonora o título independiente spa
044 ## - CÓDIGO DEL PAÍS DE LA ENTIDAD EDITORA/PRODUCTORA
Código MARC del país mx
050 #4 - SIGNATURA TOPOGRÁFICA DE LA BIBLIOTECA DEL CONGRESO
Número de clasificación F1391
Número de documento/Ítem .B59 1979
100 1# - ENTRADA PRINCIPAL--NOMBRE DE PERSONA
Nombre de persona Blom, Gertrude Duby
Títulos y otros términos asociados al nombre 1901-1993
9 (RLIN) 26563
245 10 - MENCIÓN DE TÍTULO
Título La familia de Na-Bolom
Mención de responsabilidad, etc. por Gertrude Duby Blom.
260 ## - PUBLICACIÓN, DISTRIBUCIÓN, ETC.
Lugar de publicación, distribución, etc. Monterrey, México
Nombre del editor, distribuidor, etc. Fondo Nacional para Actividades Sociales : Gobierno del Estado de Nuevo León
Fecha de publicación, distribución, etc. 1979
300 ## - DESCRIPCIÓN FÍSICA
Extensión v.
Otras características físicas il.
Dimensiones 21 cm.
440 #0 - MENCIÓN DE SERIE/PUNTO DE ACCESO ADICIONAL--TÍTULO
Título Cuadernos de Asuntos Culturales. Serie antropología
Designación de volumen o secuencia 1
9 (RLIN) 27170
500 ## - NOTA GENERAL
Nota general Au1695
500 ## - NOTA GENERAL
Nota general Incluye dedicatoria a Ruth Lechuga
610 24 - PUNTO DE ACCESO ADICIONAL DE MATERIA--NOMBRE DE ENTIDAD CORPORATIVA
Nombre de entidad corporativa o nombre de jurisdicción como elemento de entrada Na-Bolom
9 (RLIN) 27171
650 14 - PUNTO DE ACCESO ADICIONAL DE MATERIA--TÉRMINO DE MATERIA
Término de materia o nombre geográfico como elemento de entrada Indígenas del Sur de México
9 (RLIN) 27172
650 14 - PUNTO DE ACCESO ADICIONAL DE MATERIA--TÉRMINO DE MATERIA
Término de materia o nombre geográfico como elemento de entrada Tzotziles
9 (RLIN) 10531
650 14 - PUNTO DE ACCESO ADICIONAL DE MATERIA--TÉRMINO DE MATERIA
Término de materia o nombre geográfico como elemento de entrada Lacandones
9 (RLIN) 23920
651 #4 - PUNTO DE ACCESO ADICIONAL DE MATERIA--NOMBRE GEOGRÁFICO
Nombre geográfico San Cristóbal de Las Casas (Chiapas)
Subdivisión general Condiciones sociales
9 (RLIN) 27173
651 #4 - PUNTO DE ACCESO ADICIONAL DE MATERIA--NOMBRE GEOGRÁFICO
Nombre geográfico Selva Lacandona (México)
Subdivisión general Exploraciones
9 (RLIN) 27174
710 2# - PUNTO DE ACCESO ADICIONAL--NOMBRE DE ENTIDAD CORPORATIVA
Nombre de entidad corporativa o nombre de jurisdicción como elemento de entrada Gobierno del Estado de Nuevo León
Unidad subordinada Secretaria de Servicios Sociales y Culturales
9 (RLIN) 27175
902 ## - CATALOGADOR
Iniciales GRL
942 ## - ELEMENTOS DE PUNTO DE ACCESO ADICIONAL (KOHA)
Fuente del sistema de clasificación o colocación Library of Congress Classification
Tipo de ítem Koha Libros
Holdings
Estado de retiro Estado de pérdida Estado dañado No para préstamo Localización permanente Ubicación/localización actual Fecha de adquisición Número de inventario Total de préstamos Signatura topográfica completa Código de barras Fecha visto por última vez Precio válido a partir de Tipo de ítem Koha
El ejemplar forma parte de la colección y puede ser consultado según las políticas vigentes.       Biblioteca Centro de Estudios Ruth D. Lechuga Biblioteca Centro de Estudios Ruth D. Lechuga 17/02/2014 Au1695   F1391 .B59 1979 (Au1695) GRL01684 22/03/2019 22/03/2019 Libros